00543cam a22002171i 45000010008000000030004000080050017000120080041000290100017000700150015000870350019001020400022001210420012001430500028001550820020001831000018002032450030002212600034002513000024002854400016003098453059OSt20180116183025.0770527s1964 nyu 000 0 eng  a 64011907  aGB64-11521 a(OCoLC)2999577 aDLCcNmUdUkdDLC apremarc00aPZ4.W85bJeaPS3573.O38 a823.91 WHO 19691 aWohl, Burton.14aThe jet set.cBurton Wohl aNew York,bDial Press,c1964. a316 p.c22 cm.bPB. aThe jet set